Dilema melayu /

Bibliographic Details
Main Author: Mahathir Mohamad, Tun 1925
Other Authors: Ibrahim Saad
Format: Book
Published: Kuala Lumpur: Federal Pub, 1982.
Subjects:
LEADER 00552cam a2200181 7i4500
001 0000050453
005 20151104090000.0
005 ##20151104164600.0
003 ##MY-KlINT
039 # 9 |y 201511041646  |z VLOAD 
090 0 0 |a 323.1595   |b MAH 
100 1 # |a Mahathir Mohamad, Tun 1925 
245 0 0 |a Dilema melayu /   |c Mahathir Mohamad; diterjemahkan oleh Ibrahim bin Saad. 
260 # # |a Kuala Lumpur:   |b Federal Pub,   |c 1982. 
300 # # |a vii,222ms;   |c 22cm. 
650 # 0 |a Malay race --   |x Politics and government  
651 # 0 |a Malaysia --   |x Race relations  
700 0 # |a Ibrahim Saad